000 00734nam a2200265Ia 4500
001 Para_3543
003 CHAP
008 220125s1940 xx 000 0 und d
010 _a202067
040 _cCHAP
090 _aPA FOLLETO 1140
100 _aMacCreary, Donald
_969348
245 _aReport on the tabanidae of Delaware /
_c Donald MacCreary
260 _aNewark, Delaware :
_b Agricultural Experiment Station
300 _a41 p.
440 _aDelaware. Agri. Exp. Sta., Bull.; 226
_9167053
650 _aTábano
_9113484
901 _aPA FOLLETO 1140
902 _aA
905 _a0000001940 NEWa 0000000000 00
910 _a1940
942 _cPARA
942 _cPARA
_d1
999 _c202067
_d202067